LEADER 00859nam0-22002891i-450- 001 990004530650403321 005 19990530 035 $a000453065 035 $aFED01000453065 035 $a(Aleph)000453065FED01 035 $a000453065 100 $a19990530d1863----km-y0itay50------ba 101 0 $aita 105 $ay-------001yy 200 1 $aOpera$fGiraldi Cambrensis$gedited by J.s. Brewer 210 $aLondon$cLongamn$d1863 215 $av.$d23 cm 225 1 $aRerum britannicarum Medii aevi scriptores, or Chronicles and memorials of Great Britain and Ireland during the Middle ages 700 1$aGiraldus Cambrensis$0180095 702 1$aBrewer,$bJ. S. 801 0$aIT$bUNINA$gRICA$2UNIMARC 901 $aBK 912 $a990004530650403321 952 $a7-VII(B)6$bBIBL.22632$fFLFBC 959 $aFLFBC 996 $aOpera$9547522 997 $aUNINA LEADER 00731cam0 22002411 450 001 SOBE00028795 005 20121127152820.0 100 $a20121127d1988 |||||ita|0103 ba 101 $aita 102 $aIT 200 1 $aFinanza d'impresa$fa cura di Alfredo Del Monte 210 $aTorino$cUTET$d1988 215 $aXI, 412 p.$d24 cm 700 1$aDel Monte$b, Alfredo$3A600200049843$4070$0619 801 0$aIT$bUNISOB$c20121127$gRICA 850 $aUNISOB 852 $aUNISOB$j330$m95284 912 $aSOBE00028795 940 $aM 102 Monografia moderna SBN 941 $aM 957 $a330$b001234$gSI$d95284$1rovito$2UNISOB$3UNISOB$420121127152350.0$520121127152408.0$6rovito 996 $aFinanza d'impresa$9196422 997 $aUNISOB